00912nam a22001577a 45000010005000000030006000050050017000110080041000280400029000690820013000981000014001112450054001252600027001793000049002065200499002559442FISKH20260108114358.0260108b cb ||||| |||| 00| 0 eng d aFISKHbengcFISKHdFISKH a338.4796 aAnonymous aAnnual tourism statistics report / cBy Anonymous aPhnom Penh : c2024 .  a59 pages : bcolor illustrations ;c30 cm .  aThis book provides a comprehensive annual report on tourism statistics, including data on visitor arrivals, expenditures, hotel occupancy, popular destinations, and tourism trends. It is a key resource for government agencies, tourism planners, researchers, and investors, offering insights into the economic impact of tourism and patterns of travel over the year. By analyzing statistics and trends, the report helps in policy-making, marketing strategies, and sustainable tourism development.